000 00663cam a2200253 4500
001 M2197
008 090401t1996 xxu||||| |||| 00| 0 eng d
035 _a(Sirsi) u37119
041 _aeng
050 _a690.24
090 _aRICS 1996/83ABCD
110 _aRoyal Institution of Chartered Surveyors
_94900
245 _aLooking after your home.
250 _a(Rev. ed.)
260 _aLondon
_bRICS
_c1996
300 _a13p. ; 21cm.
350 _a0
650 _aBUILDING DEFECTS
650 _aBUILDING REPAIRS
650 _aABOUT RICS-RICS MEMBERS
690 _aBUILDING AND CONSTRUCTION-REPAIRS AND MAINTENANCE
942 _n0
948 _c04/03/1997
999 _c90438
_d90438